| 000 | 01015nam a22001935i 4500 | ||
|---|---|---|---|
| 001 | 68507 | ||
| 003 | ES-MaACL | ||
| 005 | 20230906170311.0 | ||
| 007 | t| | ||
| 008 | 960806s1849 sp ||||1| spa d | ||
| 100 | 1 |
_aGarcía Moñino, José Antonio. _954982 |
|
| 245 | 1 | 0 |
_aDiscurso acerca de si es justo que el hijo póstumo, nacido después de concluir el décimo mes de gestación o preñado, sea declarado ilegítimo por las leyes para los efectos de la herencia paternal, y para llevar el nombre de aquel que estuvo casado con su madre _b: leído en la Facultad de Medicina de la Universidad de Madrid / _cpor... José Antonio García Moñino, en el acto solemne de recibir la investidura de doctor en la misma Facultad. |
| 260 |
_aMadrid : _b[s.n.], _c1849 ( _fImp. de la Viuda de Antonio Yenes) |
||
| 300 |
_a29 p. ; _c18 cm. |
||
| 650 | 0 | 0 |
_aHijos naturales. _913361 |
| 852 |
_aES-MaACL _jT-399-F-7 _z- Sello de los "Escolares Médicos" |
||
| 852 |
_aES-MaACL _jT-415-F-7 |
||
| 852 |
_aES-MaACL _jT-415-F-8 |
||
| 999 |
_c68507 _d68507 |
||